| 000 | 01251cam a2200229 4500 | ||
|---|---|---|---|
| 001 | ##E134843 | ||
| 008 | 111024s2005 000 0 eng u | ||
| 020 | _a0755948793 | ||
| 035 | _a(Sirsi) u134843 | ||
| 041 | 0 | _aeng | |
| 050 | 0 | 4 |
_a711.1 _c18 |
| 110 | 2 |
_aScottish Executive Development Department _93786 |
|
| 245 | 0 | 0 |
_aPlanning Advice Note No.76 _bnew residential streets |
| 260 |
_aEdinburgh _bScottish Executive Development Department _c2005 |
||
| 300 |
_a24p. _bill. _c30cm. |
||
| 490 | 0 |
_aPlanning Advice Note _v(76) |
|
| 520 | _aPAN 76 provides advice on better quality and design of residential streets due to the growing concern that many housing layouts have been dominated by requirements of road design. Focuses on various key factors which will aid in creating better quality, more attractive and safer residential environments. Includes clarification of the roles and responsibilities of those involved in the process and 5 case studies exemplifying good practice. | ||
| 651 | 4 |
_aScotland _y1999- |
|
| 690 | _aENVIRONMENTAL AND LAND CONSULTANCY-PLANNING AND DEVELOPMENT-PLANNING GUIDANCE | ||
| 856 | 4 | 0 |
_uhttps://scotland.gov.uk/Resource/Doc/76169/0019017.pdf _vView PAN 76 free of charge at http://scotland.gov.uk |
| 942 | _n0 | ||
| 999 |
_c105816 _d105816 |
||